| 000 | 01085cam a22003497a 4500 | ||
|---|---|---|---|
| 001 | 6330 | ||
| 003 | FISKH | ||
| 005 | 20250422142343.0 | ||
| 008 | 090409s2009 enkab j 001 0 eng d | ||
| 010 | _a 2009277958 | ||
| 020 | _a9780756645373 (hardcover) | ||
| 020 | _a0756645379 (hardcover) | ||
| 020 | _a9780756645380 (lib. bdg.) | ||
| 020 | _a9781405336758 | ||
| 020 | _a0756645387 (lib. bdg.) | ||
| 035 | _a(OCoLC)ocn233547213 | ||
| 040 |
_aBTCTA _cBTCTA _dBAKER _dCPL _dGL9 _dDLC _beng |
||
| 050 | _aGB662.W66 | ||
| 082 | _a553.7 | ||
| 100 | 1 |
_aWoodward, John, _d1954- |
|
| 245 | 1 | 0 |
_aEyewitness water / _cwritten by John Woodward. |
| 260 |
_aLondon : _bDK Publishing, _c2009. |
||
| 300 |
_a72 pages : _bcolor illustrations ; color map ; _c28 cm |
||
| 490 | 1 | _aDK eyewitness books | |
| 500 | _aIncludes index. | ||
| 520 | _aTakes a look at the role of water in our bodies, our cultures, and our world. | ||
| 650 | 0 |
_aWater _vJuvenile literature. |
|
| 650 | 1 | _aWater. | |
| 906 |
_a7 _bcbc _ccopycat _d2 _encip _f20 _gy-gencatlg |
||
| 942 |
_2ddc _cBK _n0 |
||
| 999 |
_c6330 _d6330 |
||